| 000 | 00786nam a2200217 a 4500 | ||
|---|---|---|---|
| 001 | 000001606 | ||
| 005 | 20200929145633.0 | ||
| 008 | 831011s1965 caua 001 0 eng | ||
| 040 |
_aDO-SdBNP _cICU _dDLC |
||
| 082 |
_a372.72 _bE34b |
||
| 100 | 1 |
_aEicholz, Robert E. _95260 |
|
| 245 | 1 | 0 |
_aBasic modern mathematics : _bsecond course / _cRobert E. Eicholz, Phares G. O'Daffer ; autores de consultoría, Charles F. Brumfiel, Merrill E. Shanks. |
| 260 |
_aCalifornia : _bAddison-Wesley Publishing Company, _c1965. |
||
| 300 |
_a380 p. : _bil. ; _c24 cm. |
||
| 650 | 4 |
_aAritmétca. _xEnseñanza elemental _95261 |
|
| 700 | 1 |
_aO'Daffer, Phares G. _95262 |
|
| 700 | 1 |
_aBrumfiel, Charles F. _95263 |
|
| 700 | 1 |
_aShanks, Merrill E. _95264 |
|
| 910 | _aCatalogación original noche | ||
| 910 | _aDC | ||
| 999 |
_c1500 _d1500 |
||